000 00739nam a2200181Ia 4500
008 151018s9999 xx 000 0 und d
082 _bRBASDV38162
_a891.463
100 _aजयंत गाडगीळ
245 _aपृथ्वीच्या पोटातील खनिज संपत्ती
250 _b1
260 _bजयदीप प्रकाशन पुणे
_c2004
300 _a24
600 _aजयंत गाडगीळ
630 _aपृथ्वीच्या पोटातील खनिज संपत्ती
700 _aजयंत गाडगीळ
730 _aपृथ्वीच्या पोटातील खनिज संपत्ती
942 _cBOOK
999 _c1037571
_d1037568